01334nab a22002657a 4500999001500000003000400015005001700019008004100036040000700077100002900084245005000113260007300163300001300236500003500249505013400284505028200418505008100700650002300781650003200804650002000836650001500856650002700871773015700898942001301055 c6441d6441OSt20260204092903.0190429b xxu||||| |||| 00| 0 spa d cPJ 94045aFigari, Rubén E.10a¿Violencia estética? /cRubén E. Figari. cCiudad Autónoma de Buenos Aires :aThomson Reuters La Ley, b2024. ap. 74-82 aCita Online: AR/DOC/2684/2024. aSumario: I. Hechos.— II. Probanzas. Análisis.— III. Análisis por parte de la magistrada. Crítica.— IV. Conclusión.  aFallo comentado: C1aCrim. y Correc., Formosa, 31/08/2023. - L. I., M. L. s/ homicidio con dolo eventual, lesiones leves —tres hechos—, lesiones gravísimas, estafa —cinco hechos—, ejercicio ilegal de la medicina —cinco hechos—, ejercicio ilegal de una profesión. tSi te interesa el texto completo, solicitalo a koha@justierradelfuego.gov.ar 09343aDERECHO PENAL 093053aVIOLENCIA DE GÉNERO 092950aLESIONES  092693aDOLO 097067aCIRUGIA ESTETICA0 0265893164tRevista de derecho penal y criminología. Nº 1 - Febrero 2024dCiudad Autónoma de Buenos Aires : Thomson Reuters La Ley, 2017-x00347914 2udccANA